A Ponte (Registo nº 199501)

Detalhes MARC
000 -Etiqueta do registo
Valores 00508nam 22001693 4500
100 ## - Dados gerais de processamento
Dados gerais 20251212 pory50
200 ## - Titulo e menção de responsabilidade
Título próprio A Ponte
Primeira menção de responsabilidade Érico Verissimo
Outras menções de responsabilidade ilustrações de Percy Deane
210 ## - Publicação
Local de publicação Rio de Janeiro
Nome do editor Nova Fronteira
Data de publicação cop.1958
215 ## - Descrição física 
Paginação / Volumes 95 p.
Outras indicações físicas il. ; encadernado
Dimensões 31 cm
606 ## - Nome comum usado como assunto
ID Autoridade 9
Palavra de ordem Literatura Brasileira
675 ## - CDU
Notação 821.134.3(81)-3
Edição PT
Língua por
700 ## - Autor principal (pessoa individual)
ID Autoridade 2441
Apelido Veríssimo
Nome Erico
Datas 1905-1975
801 ## - Fonte de origem
País PT
Agência BMMN
Regras de catalogação RPC
830 ## - Notas gerais do catalogador
Criado por Ana
Indexado por Ana
990 ## - Elementos KOHA
Tipo de documento Livro
Exemplares
Situação do levantamento Biblioteca de origem Código de barras Cota Permissão de empréstimo Tipo de documento Forma de aquisição
  Biblioteca Municipal de Montemor-o-Novo 28368 821.134.3(81)-3 VER|DEP   Livro Compra

Powered by Koha